[Event "3e Open de Bastia"]
[Site "Bastia"]
[Date "2023.07.10"]
[Round "7.6"]
[White "Krasenkow, Michal"]
[Black "Bigonnet, Jean-Michel"]
[Result "1-0"]
[BlackElo "2050"]
[WhiteElo "2524"]
[LiveChessVersion "1.4.6"]

1. Nf3 {[%clk 0:15:03]} Nf6 {[%clk 0:15:05]} 2. c4 {[%clk 0:15:06]} g6
{[%clk 0:15:07]} 3. Nc3 {[%clk 0:15:08]} Bg7 {[%clk 0:15:06]} 4. e4
{[%clk 0:15:10]} d6 {[%clk 0:14:59]} 5. d4 {[%clk 0:15:12]} O-O {[%clk 0:14:55]}
6. h3 {[%clk 0:15:13]} Nbd7 {[%clk 0:14:06]} 7. Bg5 {[%clk 0:15:10]} h6
{[%clk 0:12:59]} 8. Be3 {[%clk 0:15:12]} e5 {[%clk 0:12:52]} 9. d5
{[%clk 0:15:14]} a5 {[%clk 0:12:06]} 10. Nd2 {[%clk 0:15:03]} Nc5
{[%clk 0:11:32]} 11. Be2 {[%clk 0:15:05]} b6 {[%clk 0:11:31]} 12. g4
{[%clk 0:15:00]} Nh7 {[%clk 0:10:51]} 13. h4 {[%clk 0:14:28]} f5 {[%clk 0:10:44]}
14. gxf5 {[%clk 0:13:42]} gxf5 {[%clk 0:10:45]} 15. exf5 {[%clk 0:13:43]} Bxf5
{[%clk 0:10:42]} 16. Bxc5 {[%clk 0:13:44]} bxc5 {[%clk 0:10:37]} 17. Bg4
{[%clk 0:13:23]} e4 {[%clk 0:10:19]} 18. Bxf5 {[%clk 0:13:12]} Rxf5
{[%clk 0:10:18]} 19. Ndxe4 {[%clk 0:13:13]} Nf6 {[%clk 0:09:26]} 20. Qd3
{[%clk 0:12:38]} Nxe4 {[%clk 0:08:30]} 21. Nxe4 {[%clk 0:12:39]} Qe7
{[%clk 0:08:12]} 22. O-O-O {[%clk 0:12:25]} Qe5 {[%clk 0:08:02]} 23. Rd2
{[%clk 0:12:22]} Rb8 {[%clk 0:07:21]} 24. Rg1 {[%clk 0:12:20]} Rf4
{[%clk 0:06:12]} 25. f3 {[%clk 0:11:25]} Rbf8 {[%clk 0:04:55]} 26. Rdg2
{[%clk 0:11:25]} R8f7 {[%clk 0:04:18]} 27. h5 {[%clk 0:07:42]} Kh8
{[%clk 0:04:19]} 28. Qe2 {[%clk 0:06:46]} a4 {[%clk 0:03:29]} 29. a3
{[%clk 0:06:45]} Qd4 {[%clk 0:02:15]} 30. Rg6 {[%clk 0:06:11]} Rxe4
{[%clk 0:01:10]} 31. Qxe4 {[%clk 0:05:42]} Qxb2+ {[%clk 0:01:11]} 32. Kd1
{[%clk 0:05:45]} Qb3+ {[%clk 0:00:26]} 33. Ke2 {[%clk 0:05:43]} Qa2+
{[%clk 0:00:11]} 34. Kf1 {[%clk 0:05:39]} Qxa3 {[%clk 0:00:05]} 35. Kg2
{[%clk 0:05:08]} Qb2+ {[%clk 0:00:06]} 36. Kh1 {[%clk 0:05:06]} a3 37. Qe6
{[%clk 0:03:06]} Rf8 {[%clk 0:00:05]} 38. Rxg7 {[%clk 0:02:54]} Qxg7
{[%clk 0:00:06]} 39. Rxg7 {[%clk 0:02:55]} Kxg7 1-0

[Event "3e Open de Bastia"]
[Site "Bastia"]
[Date "2023.07.10"]
[Round "7.7"]
[White "Cappelletto, Joshuaede"]
[Black "Rendle, Thomas E"]
[Result "0-1"]
[BlackElo "2385"]
[WhiteElo "2286"]
[LiveChessVersion "1.4.6"]

1. e4 {[%clk 0:15:04]} e6 {[%clk 0:15:05]} 2. d4 {[%clk 0:15:05]} d5
{[%clk 0:15:06]} 3. Nc3 {[%clk 0:15:07]} Nf6 {[%clk 0:15:05]} 4. e5
{[%clk 0:15:09]} Nfd7 {[%clk 0:15:06]} 5. f4 {[%clk 0:15:10]} c5 {[%clk 0:15:08]}
6. Nf3 {[%clk 0:15:12]} Nc6 {[%clk 0:15:09]} 7. Be3 {[%clk 0:15:13]} Be7
{[%clk 0:15:10]} 8. Qd2 {[%clk 0:15:12]} O-O {[%clk 0:15:07]} 9. dxc5
{[%clk 0:15:13]} Nxc5 {[%clk 0:14:48]} 10. O-O-O {[%clk 0:15:13]} Rb8
{[%clk 0:14:48]} 11. Kb1 {[%clk 0:14:15]} b5 {[%clk 0:14:49]} 12. h4
{[%clk 0:13:51]} b4 {[%clk 0:14:36]} 13. Bxc5 {[%clk 0:13:52]} Bxc5
{[%clk 0:13:55]} 14. Ne2 {[%clk 0:13:32]} Qb6 {[%clk 0:11:20]} 15. Ng5
{[%clk 0:12:42]} f6 {[%clk 0:10:29]} 16. exf6 {[%clk 0:12:03]} gxf6
{[%clk 0:10:21]} 17. Qd3 {[%clk 0:11:10]} fxg5 {[%clk 0:09:16]} 18. hxg5
{[%clk 0:11:11]} Rb7 {[%clk 0:09:13]} 19. Ng3 {[%clk 0:11:12]} Rxf4
{[%clk 0:08:11]} 20. Nh5 {[%clk 0:11:05]} Rd4 {[%clk 0:05:55]} 21. Nf6+
{[%clk 0:11:07]} Kf8 {[%clk 0:05:57]} 22. Qf3 {[%clk 0:10:52]} Rxd1+
{[%clk 0:05:57]} 23. Qxd1 {[%clk 0:10:54]} Bd4 {[%clk 0:04:17]} 24. Nxh7+
{[%clk 0:10:19]} Rxh7 {[%clk 0:02:52]} 25. Rxh7 {[%clk 0:10:19]} Bg7
{[%clk 0:02:53]} 26. Qf3+ {[%clk 0:08:21]} Kg8 {[%clk 0:02:54]} 27. Rh1
{[%clk 0:06:49]} Qd4 {[%clk 0:02:23]} 28. c3 {[%clk 0:06:30]} bxc3
{[%clk 0:02:24]} 29. Bd3 {[%clk 0:05:59]} c2+ {[%clk 0:02:18]} 30. Kxc2
{[%clk 0:06:00]} Qxb2+ {[%clk 0:01:57]} 31. Kd1 {[%clk 0:05:58]} Qa1+
{[%clk 0:01:59]} 32. Kd2 {[%clk 0:05:56]} Qxh1 {[%clk 0:01:48]} 33. Bg6
{[%clk 0:05:57]} Ne5 {[%clk 0:01:39]} 0-1

[Event "3e Open de Bastia"]
[Site "Bastia"]
[Date "2023.07.10"]
[Round "7.8"]
[White "Roberson, Peter T"]
[Black "Guazzelli, Jean-Baptiste"]
[Result "0-1"]
[BlackElo "2055"]
[WhiteElo "2433"]
[LiveChessVersion "1.4.6"]

1. e4 {[%clk 0:15:04]} Nf6 {[%clk 0:15:05]} 2. e5 {[%clk 0:15:06]} Nd5
{[%clk 0:15:07]} 3. d4 {[%clk 0:15:08]} d6 {[%clk 0:15:09]} 4. c4
{[%clk 0:15:10]} Nb6 {[%clk 0:15:11]} 5. f4 {[%clk 0:15:13]} Bf5 {[%clk 0:14:35]}
6. Nc3 {[%clk 0:15:07]} Nc6 {[%clk 0:13:59]} 7. Be3 {[%clk 0:15:00]} dxe5
{[%clk 0:13:46]} 8. fxe5 {[%clk 0:14:55]} e6 {[%clk 0:13:47]} 9. Nf3
{[%clk 0:14:13]} Bg4 {[%clk 0:13:32]} 10. Be2 {[%clk 0:14:07]} Bxf3
{[%clk 0:13:22]} 11. gxf3 {[%clk 0:14:08]} Qh4+ {[%clk 0:13:03]} 12. Bf2
{[%clk 0:14:09]} Qh6 {[%clk 0:12:32]} 13. c5 {[%clk 0:13:53]} Nd5
{[%clk 0:09:27]} 14. Nxd5 {[%clk 0:13:50]} exd5 {[%clk 0:09:29]} 15. Qd2
{[%clk 0:11:07]} Qe6 {[%clk 0:08:19]} 16. f4 {[%clk 0:10:38]} h5 {[%clk 0:05:19]}
17. O-O-O {[%clk 0:10:06]} a5 {[%clk 0:05:02]} 18. Kb1 {[%clk 0:09:46]} g6
{[%clk 0:04:47]} 19. Bh4 {[%clk 0:09:24]} Be7 {[%clk 0:04:39]} 20. Bg3
{[%clk 0:09:13]} Nb4 {[%clk 0:03:07]} 21. b3 {[%clk 0:08:39]} b6 {[%clk 0:02:12]}
22. a3 {[%clk 0:07:33]} Nc6 {[%clk 0:02:14]} 23. Kb2 {[%clk 0:06:29]} bxc5
{[%clk 0:01:07]} 24. dxc5 {[%clk 0:06:30]} Rd8 {[%clk 0:00:25]} 25. Qc2
{[%clk 0:05:52]} Kf8 {[%clk 0:00:13]} 26. Rhf1 {[%clk 0:05:43]} h4
{[%clk 0:00:08]} 27. Bf2 {[%clk 0:05:07]} Qh3 {[%clk 0:00:10]} 28. Bb5
{[%clk 0:04:56]} Na7 {[%clk 0:00:12]} 29. Bd3 {[%clk 0:04:56]} Qxh2
{[%clk 0:00:11]} 30. Rh1 {[%clk 0:04:17]} Qg2 {[%clk 0:00:13]} 31. f5
{[%clk 0:04:09]} Qg5 {[%clk 0:00:05]} 32. Bd4 {[%clk 0:03:33]} Qf4
{[%clk 0:00:06]} 33. Qc3 {[%clk 0:03:35]} Nc6 {[%clk 0:00:05]} 34. Bc2
{[%clk 0:00:18]} Nxd4 {[%clk 0:00:06]} 35. Qxd4 {[%clk 0:00:20]} Qxd4+
{[%clk 0:00:09]} 36. Rxd4 {[%clk 0:00:25]} Bxc5 37. Rdxh4 Rxh4 38. Rxh4 gxf5
{[%clk 0:00:10]} 39. Bxf5 {[%clk 0:00:23]} Ke7 {[%clk 0:00:11]} 40. b4
{[%clk 0:00:18]} axb4 {[%clk 0:00:12]} 41. axb4 {[%clk 0:00:20]} Rb8
{[%clk 0:00:15]} 42. Kc3 {[%clk 0:00:21]} d4+ {[%clk 0:00:08]} 43. Kc4
{[%clk 0:00:20]} Bxb4 {[%clk 0:00:07]} 44. Rxd4 {[%clk 0:00:22]} Ba5
{[%clk 0:00:06]} 45. Rd7+ {[%clk 0:00:20]} Kf8 {[%clk 0:00:08]} 46. e6
{[%clk 0:00:07]} fxe6 {[%clk 0:00:06]} 47. Bxe6 {[%clk 0:00:09]} Rb2
{[%clk 0:00:05]} 48. Bd5 {[%clk 0:00:05]} Bb6 {[%clk 0:00:07]} 49. Kd3
{[%clk 0:00:05]} Rh2 {[%clk 0:00:08]} 50. Ke4 {[%clk 0:00:06]} Ke8
{[%clk 0:00:10]} 51. Rg7 {[%clk 0:00:08]} Rh4+ {[%clk 0:00:10]} 52. Ke5
{[%clk 0:00:10]} Bd4+ {[%clk 0:00:13]} 53. Ke6 {[%clk 0:00:04]} Bxg7 54. Bc6+ Kd8
{[%clk 0:00:17]} 55. Kf7 {[%clk 0:00:07]} Rh6 {[%clk 0:00:18]} 56. Be4
{[%clk 0:00:08]} Be5 {[%clk 0:00:19]} 57. Bf5 {[%clk 0:00:10]} Rf6+ 0-1

[Event "3e Open de Bastia"]
[Site "Bastia"]
[Date "2023.07.10"]
[Round "8.1"]
[White "Relange, Eloi"]
[Black "Fedorchuk, Sergey A."]
[Result "0-1"]
[BlackElo "2589"]
[WhiteElo "2462"]
[LiveChessVersion "1.4.6"]

1. d4 {[%clk 0:15:04]} Nf6 {[%clk 0:15:04]} 2. Nf3 {[%clk 0:15:05]} e6
{[%clk 0:15:05]} 3. c4 {[%clk 0:15:04]} b6 {[%clk 0:15:05]} 4. g3
{[%clk 0:15:03]} Bb4+ {[%clk 0:14:15]} 5. Bd2 {[%clk 0:14:55]} Be7
{[%clk 0:14:15]} 6. Bg2 {[%clk 0:14:50]} c6 {[%clk 0:14:12]} 7. O-O
{[%clk 0:14:13]} O-O {[%clk 0:14:06]} 8. b4 {[%clk 0:11:28]} d5 {[%clk 0:13:37]}
9. Ne5 {[%clk 0:09:08]} Bb7 {[%clk 0:13:26]} 10. a4 {[%clk 0:07:43]} Nbd7
{[%clk 0:12:07]} 11. Nxd7 {[%clk 0:07:34]} Qxd7 {[%clk 0:10:58]} 12. cxd5
{[%clk 0:06:16]} cxd5 {[%clk 0:08:35]} 13. Qb3 {[%clk 0:06:17]} Ne4
{[%clk 0:08:28]} 14. Rc1 {[%clk 0:05:22]} Rfc8 {[%clk 0:08:23]} 15. Rxc8+
{[%clk 0:04:56]} Rxc8 {[%clk 0:08:24]} 16. Bxe4 {[%clk 0:04:02]} dxe4
{[%clk 0:08:24]} 17. e3 {[%clk 0:03:37]} e5 {[%clk 0:06:51]} 18. dxe5
{[%clk 0:03:00]} h5 {[%clk 0:06:51]} 19. Bc3 {[%clk 0:02:39]} Qd3
{[%clk 0:05:21]} 20. Qb2 {[%clk 0:01:15]} h4 {[%clk 0:05:15]} 21. Qd2
{[%clk 0:01:06]} h3 {[%clk 0:05:08]} 22. Qxd3 {[%clk 0:01:01]} exd3
{[%clk 0:05:09]} 23. Kf1 {[%clk 0:01:03]} Bxb4 {[%clk 0:04:55]} 24. Bd2
{[%clk 0:00:43]} Rc2 {[%clk 0:04:47]} 25. Ke1 {[%clk 0:00:45]} Rc1#
{[%clk 0:04:48]} 0-1

[Event "3e Open de Bastia"]
[Site "Bastia"]
[Date "2023.07.10"]
[Round "8.2"]
[White "Yankelevich, Lev"]
[Black "Rakotomaharo, Fy Antenaina"]
[Result "1-0"]
[BlackElo "2463"]
[WhiteElo "2442"]
[LiveChessVersion "1.4.6"]

1. d4 {[%clk 0:15:05]} d5 {[%clk 0:15:05]} 2. c4 e6 3. Nf3 {[%clk 0:15:09]} Nf6
{[%clk 0:15:10]} 4. g3 {[%clk 0:15:12]} Be7 {[%clk 0:15:12]} 5. Bg2
{[%clk 0:15:13]} O-O {[%clk 0:15:14]} 6. O-O {[%clk 0:15:15]} a5 {[%clk 0:15:17]}
7. Bf4 {[%clk 0:15:16]} c6 {[%clk 0:15:13]} 8. Nc3 {[%clk 0:15:04]} Nbd7
{[%clk 0:15:06]} 9. Qd3 {[%clk 0:12:16]} b6 {[%clk 0:15:02]} 10. b3
{[%clk 0:10:32]} Ba6 {[%clk 0:15:01]} 11. e4 {[%clk 0:10:18]} b5 {[%clk 0:13:59]}
12. e5 {[%clk 0:06:04]} dxc4 {[%clk 0:11:38]} 13. Qc2 {[%clk 0:05:43]} Nd5
{[%clk 0:11:39]} 14. bxc4 {[%clk 0:05:35]} bxc4 {[%clk 0:11:38]} 15. Ne4
{[%clk 0:05:04]} c5 {[%clk 0:11:19]} 16. Nfg5 {[%clk 0:04:21]} g6
{[%clk 0:11:21]} 17. dxc5 {[%clk 0:04:16]} Nxc5 {[%clk 0:10:59]} 18. Nxc5
{[%clk 0:04:15]} Bxc5 {[%clk 0:11:01]} 19. Ne4 {[%clk 0:03:52]} Be7
{[%clk 0:10:56]} 20. Bh6 {[%clk 0:03:45]} Re8 {[%clk 0:10:58]} 21. Rfd1
{[%clk 0:03:08]} Rb8 {[%clk 0:09:21]} 22. Nd6 {[%clk 0:02:09]} Bxd6
{[%clk 0:09:23]} 23. exd6 {[%clk 0:02:10]} Qxd6 {[%clk 0:08:36]} 24. Bf4
{[%clk 0:02:09]} Qc5 {[%clk 0:08:12]} 25. Bxb8 {[%clk 0:02:05]} Rxb8
{[%clk 0:08:14]} 26. Bxd5 {[%clk 0:01:37]} exd5 {[%clk 0:08:16]} 27. Qc3
{[%clk 0:01:31]} Rd8 {[%clk 0:07:59]} 28. Qd4 {[%clk 0:01:28]} Qc7
{[%clk 0:05:49]} 29. Rab1 {[%clk 0:01:26]} Bc8 {[%clk 0:05:51]} 30. Re1
{[%clk 0:01:07]} Bf5 {[%clk 0:05:42]} 31. Rb2 {[%clk 0:01:01]} c3
{[%clk 0:03:43]} 32. Rbe2 {[%clk 0:01:02]} Be4 {[%clk 0:03:46]} 33. f3
{[%clk 0:00:12]} c2 {[%clk 0:03:48]} 34. Rc1 {[%clk 0:00:12]} Bxf3
{[%clk 0:03:50]} 35. Rexc2 {[%clk 0:00:14]} Qd7 {[%clk 0:03:52]} 36. Qf2
{[%clk 0:00:11]} Be4 {[%clk 0:03:33]} 37. Rc7 {[%clk 0:00:13]} Qe6
{[%clk 0:02:12]} 38. R1c6 {[%clk 0:00:15]} Qf5 {[%clk 0:01:48]} 39. Qxf5
{[%clk 0:00:17]} Bxf5 {[%clk 0:01:50]} 40. Kf2 {[%clk 0:00:12]} Rb8
{[%clk 0:01:50]} 41. Rf6 {[%clk 0:00:09]} Rb2+ {[%clk 0:01:45]} 42. Ke3 Be6
{[%clk 0:01:48]} 43. Kd4 {[%clk 0:00:05]} Rxa2 {[%clk 0:01:50]} 44. h4
{[%clk 0:00:06]} h5 {[%clk 0:01:49]} 45. Rf3 {[%clk 0:00:08]} Re2
{[%clk 0:01:45]} 46. Re3 {[%clk 0:00:09]} Rf2 {[%clk 0:01:45]} 47. Ra7
{[%clk 0:00:10]} Ra2 {[%clk 0:01:44]} 48. Ke5 Kg7 49. Kd4 {[%clk 0:00:12]} Kh6
{[%clk 0:01:34]} 50. Ra8 {[%clk 0:00:14]} a4 {[%clk 0:01:27]} 51. Ke5
{[%clk 0:00:15]} Kg7 {[%clk 0:01:29]} 52. Kd4 {[%clk 0:00:17]} Ra1
{[%clk 0:01:20]} 53. Ra7 {[%clk 0:00:19]} Kh6 {[%clk 0:01:22]} 54. Ke5
{[%clk 0:00:17]} Kg7 {[%clk 0:01:15]} 55. Kd4 {[%clk 0:00:19]} Rd1+
{[%clk 0:01:10]} 56. Rd3 {[%clk 0:00:20]} Re1 {[%clk 0:01:04]} 57. Re3
{[%clk 0:00:20]} Rd1+ {[%clk 0:01:06]} 58. Rd3 {[%clk 0:00:23]} Ra1
{[%clk 0:01:04]} 59. Re3 {[%clk 0:00:23]} Kh6 {[%clk 0:00:52]} 60. Ke5
{[%clk 0:00:25]} g5 {[%clk 0:00:51]} 61. Ra8 {[%clk 0:00:25]} g4 {[%clk 0:00:41]}
62. Rc3 {[%clk 0:00:22]} Re1+ {[%clk 0:00:36]} 63. Kf6 Rf1+ {[%clk 0:00:38]} 64.
Ke7 {[%clk 0:00:24]} Rf3 {[%clk 0:00:19]} 65. Rxf3 {[%clk 0:00:15]} gxf3
{[%clk 0:00:21]} 66. Rxa4 {[%clk 0:00:17]} Kg6 {[%clk 0:00:16]} 67. Rf4
{[%clk 0:00:19]} Bf5 {[%clk 0:00:13]} 68. Rxf3 d4 69. Kd6 {[%clk 0:00:11]} d3
{[%clk 0:00:16]} 70. Rf4 {[%clk 0:00:07]} Bg4 {[%clk 0:00:10]} 71. Rd4
{[%clk 0:00:09]} Be2 {[%clk 0:00:12]} 72. Ke5 {[%clk 0:00:11]} Bf1
{[%clk 0:00:10]} 73. Rd6+ {[%clk 0:00:13]} Kg7 {[%clk 0:00:12]} 74. Kf5
{[%clk 0:00:12]} Be2 {[%clk 0:00:14]} 75. Kg5 {[%clk 0:00:13]} Kf8
{[%clk 0:00:08]} 76. Kf6 {[%clk 0:00:15]} Ke8 {[%clk 0:00:08]} 77. Rd4
{[%clk 0:00:16]} Bf1 {[%clk 0:00:10]} 78. Rd5 {[%clk 0:00:13]} Be2
{[%clk 0:00:12]} 79. Rd6 {[%clk 0:00:14]} Bf1 {[%clk 0:00:14]} 80. Rd4
{[%clk 0:00:13]} Be2 {[%clk 0:00:16]} 81. Rd5 {[%clk 0:00:07]} Bf1
{[%clk 0:00:11]} 82. Rxh5 {[%clk 0:00:07]} Bg2 {[%clk 0:00:14]} 83. Re5+
{[%clk 0:00:05]} Kd7 84. Re3 {[%clk 0:00:05]} Bf1 {[%clk 0:00:12]} 85. Re4
{[%clk 0:00:07]} Kc6 {[%clk 0:00:14]} 86. Rd4 {[%clk 0:00:09]} Kc5
{[%clk 0:00:17]} 87. Ke5 {[%clk 0:00:10]} Be2 {[%clk 0:00:18]} 88. Ke4
{[%clk 0:00:11]} f5+ {[%clk 0:00:19]} 89. Ke3 {[%clk 0:00:14]} Kc6
{[%clk 0:00:17]} 90. Rd8 {[%clk 0:00:14]} Kc5 {[%clk 0:00:19]} 91. Rf8
{[%clk 0:00:15]} Bg4 {[%clk 0:00:20]} 92. Kxd3 Kd5 93. Ke3 {[%clk 0:00:18]} Ke5
{[%clk 0:00:25]} 94. Re8+ {[%clk 0:00:20]} Kf6 {[%clk 0:00:27]} 95. Kf4
{[%clk 0:00:22]} Bh3 {[%clk 0:00:30]} 96. Rg8 {[%clk 0:00:24]} Kf7
{[%clk 0:00:32]} 97. Rg5 Kf6 98. Rg8 Kf7 99. Ra8 {[%clk 0:00:29]} Kg6
{[%clk 0:00:31]} 100. Ra6+ {[%clk 0:00:29]} Kg7 {[%clk 0:00:32]} 101. Kg5
{[%clk 0:00:29]} Bg4 {[%clk 0:00:33]} 102. Ra7+ {[%clk 0:00:31]} Kf8
{[%clk 0:00:36]} 103. h5 {[%clk 0:00:33]} 1-0

[Event "3e Open de Bastia"]
[Site "Bastia"]
[Date "2023.07.10"]
[Round "8.3"]
[White "Bulmaga, Irina"]
[Black "Collutiis, Duilio"]
[Result "1-0"]
[BlackElo "2341"]
[WhiteElo "2416"]
[LiveChessVersion "1.4.6"]

1. e4 {[%clk 0:15:03]} c5 {[%clk 0:15:04]} 2. Nf3 {[%clk 0:15:05]} Nc6
{[%clk 0:15:05]} 3. Bb5 {[%clk 0:15:04]} Na5 {[%clk 0:15:06]} 4. c3
{[%clk 0:14:58]} a6 {[%clk 0:15:07]} 5. Bd3 {[%clk 0:14:55]} b5 {[%clk 0:15:07]}
6. O-O {[%clk 0:14:53]} Bb7 {[%clk 0:15:08]} 7. Bc2 {[%clk 0:14:46]} Rc8
{[%clk 0:14:57]} 8. d4 {[%clk 0:13:24]} cxd4 {[%clk 0:13:48]} 9. cxd4
{[%clk 0:13:25]} Nf6 {[%clk 0:13:40]} 10. Nbd2 {[%clk 0:12:32]} e6
{[%clk 0:13:27]} 11. a3 {[%clk 0:12:14]} Be7 {[%clk 0:12:55]} 12. Re1
{[%clk 0:12:16]} d5 {[%clk 0:11:46]} 13. e5 {[%clk 0:12:10]} Ne4 {[%clk 0:11:47]}
14. Nxe4 {[%clk 0:10:34]} dxe4 {[%clk 0:11:48]} 15. Bxe4 {[%clk 0:10:23]} Bxe4
{[%clk 0:11:48]} 16. Rxe4 {[%clk 0:10:25]} Qd5 {[%clk 0:11:49]} 17. Re1
{[%clk 0:09:44]} O-O {[%clk 0:11:40]} 18. Bg5 {[%clk 0:08:45]} Bxg5
{[%clk 0:10:08]} 19. Nxg5 {[%clk 0:08:47]} Nb3 {[%clk 0:10:11]} 20. Qd3
{[%clk 0:08:35]} g6 {[%clk 0:07:15]} 21. Rad1 {[%clk 0:08:21]} Kg7
{[%clk 0:06:31]} 22. Ne4 {[%clk 0:07:43]} Na5 {[%clk 0:05:30]} 23. Nf6
{[%clk 0:06:57]} Qb3 {[%clk 0:05:17]} 24. Qd2 {[%clk 0:04:43]} Nc4
{[%clk 0:05:08]} 25. Qg5 {[%clk 0:04:37]} h6 {[%clk 0:05:03]} 26. Nh5+
{[%clk 0:04:30]} Kh7 {[%clk 0:05:04]} 27. Nf6+ {[%clk 0:04:32]} Kg7
{[%clk 0:05:03]} 28. Qf4 {[%clk 0:04:19]} Rh8 {[%clk 0:02:49]} 29. d5
{[%clk 0:04:04]} exd5 {[%clk 0:02:39]} 30. Nxd5 {[%clk 0:03:16]} Rhf8
{[%clk 0:02:23]} 31. Qf6+ {[%clk 0:02:47]} Kh7 {[%clk 0:02:20]} 32. Ne7
{[%clk 0:01:00]} Nxb2 {[%clk 0:01:53]} 33. Rb1 {[%clk 0:00:55]} Rc2
{[%clk 0:00:41]} 34. Nxg6 {[%clk 0:00:37]} Rg8 {[%clk 0:00:35]} 35. Nf4
{[%clk 0:00:36]} Rg7 {[%clk 0:00:08]} 36. h4 {[%clk 0:00:29]} 1-0

[Event "3e Open de Bastia"]
[Site "Bastia"]
[Date "2023.07.10"]
[Round "8.4"]
[White "Rendle, Thomas E"]
[Black "Krasenkow, Michal"]
[Result "0-1"]
[BlackElo "2524"]
[WhiteElo "2385"]
[LiveChessVersion "1.4.6"]

1. d4 {[%clk 0:15:04]} g6 {[%clk 0:15:05]} 2. Nf3 {[%clk 0:14:54]} Bg7
{[%clk 0:15:05]} 3. g3 {[%clk 0:14:55]} d6 {[%clk 0:14:57]} 4. Bg2
{[%clk 0:14:52]} Bg4 {[%clk 0:14:56]} 5. O-O {[%clk 0:14:16]} Nf6
{[%clk 0:14:54]} 6. c4 {[%clk 0:14:00]} Qc8 {[%clk 0:14:38]} 7. Qb3
{[%clk 0:13:14]} Nc6 {[%clk 0:14:36]} 8. Be3 {[%clk 0:12:30]} O-O
{[%clk 0:14:23]} 9. Nc3 {[%clk 0:12:02]} Nd7 {[%clk 0:13:52]} 10. Rad1
{[%clk 0:11:27]} e5 {[%clk 0:12:03]} 11. dxe5 {[%clk 0:11:20]} Bxf3
{[%clk 0:11:58]} 12. Bxf3 {[%clk 0:10:52]} Ndxe5 {[%clk 0:12:00]} 13. Bd5
{[%clk 0:09:59]} Qh3 {[%clk 0:09:45]} 14. f3 {[%clk 0:07:40]} Rab8
{[%clk 0:08:27]} 15. c5 {[%clk 0:07:21]} dxc5 {[%clk 0:07:53]} 16. Bxc5
{[%clk 0:07:21]} Rfd8 {[%clk 0:06:50]} 17. Ne4 {[%clk 0:07:18]} b6
{[%clk 0:06:19]} 18. Be3 {[%clk 0:06:44]} Na5 {[%clk 0:06:14]} 19. Qc2
{[%clk 0:06:00]} c6 {[%clk 0:06:08]} 20. Bb3 {[%clk 0:04:27]} Nxb3
{[%clk 0:06:10]} 21. Qxb3 {[%clk 0:04:29]} Qe6 {[%clk 0:06:02]} 22. Qxe6
{[%clk 0:04:16]} fxe6 {[%clk 0:06:04]} 23. Bg5 {[%clk 0:03:58]} Rd5
{[%clk 0:06:02]} 24. Nf6+ {[%clk 0:03:51]} Bxf6 {[%clk 0:05:57]} 25. Bxf6
{[%clk 0:03:53]} Nd7 {[%clk 0:05:25]} 26. Bc3 {[%clk 0:03:50]} Kf7
{[%clk 0:05:11]} 27. e4 {[%clk 0:03:49]} Rxd1 {[%clk 0:05:13]} 28. Rxd1 Rb7
{[%clk 0:05:15]} 29. Kf2 {[%clk 0:03:42]} c5 {[%clk 0:05:13]} 30. Ke3
{[%clk 0:03:17]} b5 {[%clk 0:05:06]} 31. b3 {[%clk 0:03:12]} Ke7 {[%clk 0:05:02]}
32. h4 {[%clk 0:03:12]} h5 {[%clk 0:04:35]} 33. Kf4 {[%clk 0:03:04]} b4
{[%clk 0:04:13]} 34. Bb2 {[%clk 0:02:34]} Rb5 {[%clk 0:04:14]} 35. Rd2 Nb6
{[%clk 0:03:58]} 36. Rc2 {[%clk 0:02:02]} a5 {[%clk 0:03:56]} 37. a4
{[%clk 0:01:44]} bxa3 {[%clk 0:03:39]} 38. Bxa3 {[%clk 0:01:46]} Nd7
{[%clk 0:03:11]} 39. Rc3 {[%clk 0:01:47]} Kf6 {[%clk 0:03:12]} 40. Rd3
{[%clk 0:01:45]} e5+ {[%clk 0:03:10]} 41. Ke3 {[%clk 0:01:46]} Ke6
{[%clk 0:03:13]} 42. Rc3 {[%clk 0:01:35]} Kd6 {[%clk 0:02:36]} 43. Rd3+
{[%clk 0:01:37]} Ke6 {[%clk 0:02:36]} 44. Rc3 {[%clk 0:01:39]} Kd6
{[%clk 0:02:39]} 45. f4 Nf6 {[%clk 0:01:46]} 46. f5 {[%clk 0:01:02]} gxf5
{[%clk 0:01:47]} 47. exf5 {[%clk 0:01:04]} Nd5+ {[%clk 0:01:50]} 48. Kd3
{[%clk 0:01:01]} e4+ {[%clk 0:01:43]} 49. Kc4 {[%clk 0:00:56]} Nxc3
{[%clk 0:01:44]} 50. Bb2 {[%clk 0:00:51]} Rb4+ {[%clk 0:01:39]} 51. Kxc3
{[%clk 0:00:52]} Ke5 {[%clk 0:01:41]} 52. Kd4+ 0-1

[Event "3e Open de Bastia"]
[Site "Bastia"]
[Date "2023.07.10"]
[Round "8.5"]
[White "Degraeve, Remy"]
[Black "Horton, Jamie A"]
[Result "1-0"]
[BlackElo "2177"]
[WhiteElo "2467"]
[LiveChessVersion "1.4.6"]

1. e4 {[%clk 0:15:04]} c6 {[%clk 0:15:05]} 2. d4 {[%clk 0:15:06]} d5
{[%clk 0:15:00]} 3. e5 {[%clk 0:15:07]} Bf5 {[%clk 0:15:02]} 4. Nf3
{[%clk 0:15:09]} e6 {[%clk 0:15:03]} 5. Be2 {[%clk 0:15:11]} c5 {[%clk 0:15:04]}
6. c3 {[%clk 0:15:14]} Nc6 {[%clk 0:15:01]} 7. O-O {[%clk 0:15:15]} Qb6
{[%clk 0:14:56]} 8. dxc5 {[%clk 0:15:17]} Bxc5 {[%clk 0:14:45]} 9. b4
{[%clk 0:15:19]} Be7 {[%clk 0:14:37]} 10. Be3 {[%clk 0:15:21]} Qc7
{[%clk 0:14:30]} 11. b5 {[%clk 0:15:23]} Na5 {[%clk 0:12:57]} 12. Qa4
{[%clk 0:15:26]} b6 {[%clk 0:12:48]} 13. c4 {[%clk 0:15:28]} dxc4
{[%clk 0:11:24]} 14. Rc1 {[%clk 0:15:29]} Nh6 {[%clk 0:09:03]} 15. Nbd2
{[%clk 0:15:17]} O-O {[%clk 0:05:05]} 16. Nxc4 {[%clk 0:15:14]} Nxc4
{[%clk 0:04:47]} 17. Rxc4 {[%clk 0:15:16]} Bc5 {[%clk 0:03:46]} 18. Bxc5
{[%clk 0:15:04]} bxc5 {[%clk 0:03:48]} 19. Rac1 {[%clk 0:15:05]} Rac8
{[%clk 0:03:21]} 20. Qa3 {[%clk 0:15:02]} Qb8 {[%clk 0:03:06]} 21. Rxc5
{[%clk 0:15:01]} Rxc5 {[%clk 0:03:08]} 22. Qxc5 {[%clk 0:15:03]} Be4
{[%clk 0:03:02]} 23. Nd4 {[%clk 0:15:01]} Qd8 {[%clk 0:01:48]} 24. Nc6
{[%clk 0:15:01]} Qg5 {[%clk 0:01:43]} 25. f3 {[%clk 0:14:54]} Bd5
{[%clk 0:01:41]} 26. Ne7+ {[%clk 0:14:55]} Kh8 {[%clk 0:01:42]} 27. Nxd5
{[%clk 0:14:56]} Rd8 {[%clk 0:00:57]} 28. Ne3 {[%clk 0:14:56]} g6
{[%clk 0:00:45]} 29. Rd1 {[%clk 0:14:58]} Rg8 {[%clk 0:00:16]} 30. a4
{[%clk 0:15:00]} Nf5 {[%clk 0:00:14]} 31. Nxf5 {[%clk 0:15:01]} gxf5
{[%clk 0:00:16]} 32. Bf1 {[%clk 0:15:01]} Qf4 {[%clk 0:00:15]} 33. Qd4
{[%clk 0:15:02]} Qxf3 {[%clk 0:00:14]} 34. Rd2 {[%clk 0:14:58]} Qa3
{[%clk 0:00:08]} 35. Qh4 {[%clk 0:14:50]} Qf8 {[%clk 0:00:04]} 36. Qf6+
{[%clk 0:14:52]} Qg7 {[%clk 0:00:06]} 37. Qxg7+ {[%clk 0:14:52]} Kxg7
{[%clk 0:00:08]} 38. Rd7 {[%clk 0:14:54]} Rc8 {[%clk 0:00:07]} 39. Rxa7
{[%clk 0:14:55]} Rc2 {[%clk 0:00:09]} 40. b6 {[%clk 0:14:57]} Rb2
{[%clk 0:00:11]} 41. b7 {[%clk 0:14:59]} f4 {[%clk 0:00:12]} 42. a5
{[%clk 0:15:01]} 1-0